[Event "HCL-B197"]
[Site "www.playchess.de"]
[Date "2001.02.24"]
[Round "13"]
[White "Whatever"]
[Black "Zeus"]
[WhiteElo "1262"]
[BlackElo "1676"]
[PlyCount "44"]
[Result "0-1"]

1.e4 {Have a good game.}  c5 {You, as well!  
Catchy name...I like it!}  2.Nf3 {Zeus - talking 
to meee about a catchy name. I like that.}  Nc6 {I 
have one of those "Whatever" clocks at work.  I 
like the easy going aire of it!}  3.d4 {I guess I 
have to get one of those for my chess board.}  
cxd4 {Good idea.  Never be in time trouble.  
Always whatever time left!}  4.Nxd4 g6 5.Nc3 Bg7 
6.Be3 Nf6 7.Bc4 O-O 8.Bb3 {Never played the 
accelerated dragon with white. Good experience.}  
d6 {Good!}  9.f3 Bd7 10.Qd2 Nxd4 11.Bxd4 b5 12.h4 
{You are playing fast - so much is certain.}  a5 
{I have played for 30 years...seen a lot of 
variations, including this one!}  13.Nd5 {So how 
does it usually end. You know this 'reading the 
last page of a book' thing.}  a4 {You lose...of 
course..lol ;-)}  14.Nxf6+ {Even after Sxf6! ? 
What does lol mean by the way?}  Bxf6 {Yes!  lol 
means "laugh out loud"  implying a joke or 
laughing...I was joking with you!}  15.Bxf6 {I 
knew you were joking - You said I would loose. 
lol.}  axb3 {That remains to be seen!  Good 
night!}  16.Bc3 {You are right. Good night.}  Rxa2 
{Good morning!}  17.Rb1 {And how are you today 
after this little pawn breakfast}  bxc2 {Still 
hungry!}  18.Qxc2 {Don't they feed you on Mt. 
Olymp or what?}  Qb6 {...just "whatever" we can 
find!  lol}  19.Qd2 {very good answer}  e5 20.h5 
Be6 21.f4 b4 22.Bxb4 Ra4 0-1

[Event "HCL-B197"]
[Site "www.playchess.de"]
[Date "2001.02.24"]
[Round "21"]
[White "Zeus"]
[Black "GMKingArs"]
[WhiteElo "1676"]
[BlackElo "1500"]
[PlyCount "47"]
[Result "1-0"]

1.e4 {Greetings, southern neighbor!}  c6 
{Thank's!}  2.d4 {How are you?}  d5 3.exd5 cxd5 
{i'm Rodrigues. and you?}  4.c4 {My name is John.  
Nice to meet you Rodrigues ;-)}  Nf6 {the 
pleassure is all mine!}  5.Nc3 {I get some of the 
pleasure...haven't played a fellow American from 
so far south before...;-)}  Nc6 6.Bg5 e6 7.Nf3 Be7 
8.Be2 dxc4 9.Bxc4 O-O 10.O-O b6 11.a3 Bb7 12.Qd3 
h6 13.Bd2 Na5 14.Ba2 Rc8 15.Rad1 {Good night!}  
Bd5 {For you to!}  16.Nxd5 {Good morning!}  Nxd5 
17.b4 Nc6 18.b5 Na5 19.Rfe1 Qd6 20.Bb1 {Exactly 
where are you from in your country?}  Nf6 {The 
state is Bahia. The city is Salvador.}  21.Bb4 {I 
live in the city of Olney in the state of 
Illinois.}  Qd7 22.Ne5 Qd8 {And which is your 
occupation there?}  23.Ng4 {I am employed by 
HUD...a branch of the Government (Housing)}  g6 
24.Rxe6 1-0

[Event "HCL-E026"]
[Site "www.playchess.de"]
[Date "2001.02.24"]
[Round "1"]
[White "paule"]
[Black "Fox"]
[WhiteElo "1994"]
[BlackElo "2000"]
[PlyCount "43"]
[Result "1-0"]

1.e4 c5 2.c3 Nf6 3.e5 Nd5 4.Nf3 e6 5.d4 cxd4 
6.cxd4 b6 7.Nc3 Nxc3 8.bxc3 Qc7 9.Bd2 d6 10.Bd3 
Nd7 11.Ng5 Bb7 12.O-O dxe5 13.Qh5 g6 14.Qh3 Bg7 
15.Rae1 Nf6 16.Bb5+ Kf8 17.Rxe5 h6 18.Nxe6+ fxe6 
19.Qxe6 Qf7 20.Qxf7+ Kxf7 21.Bc4+ Kf8 
22.Bc1 1-0

[Event "ACL-A106"]
[Site "www.playchess.de"]
[Date "2001.02.24"]
[Round "9"]
[White "foxzy"]
[Black "SuperNova"]
[WhiteElo "1267"]
[BlackElo "1500"]
[PlyCount "40"]
[Result "0-1"]

1.e4 c5 {Hello and good luck!}  2.Nf3 {Hello!}  
Nc6 3.d4 cxd4 4.Nxd4 g6 5.Nc3 Bg7 6.Be3 Nf6 7.Nxc6 
bxc6 8.Bc4 d6 9.e5 Ng4 10.exd6 Nxe3 11.fxe3 exd6 
12.Qf3 Qh4+ 13.g3 Qxc4 14.Ne4 O-O 15.c3 d5 16.Nd6 
Bg4 17.Qf2 Bxc3+ 18.bxc3 Qxc3+ 19.Kf1 Qxa1+ 20.Kg2 
Qe5 0-1

[Event "HCL-C201"]
[Site "www.playchess.de"]
[Date "2001.02.24"]
[Round "10"]
[White "MEATHEAD"]
[Black "TuffGong"]
[WhiteElo "1029"]
[BlackElo "1410"]
[PlyCount "41"]
[Result "1-0"]

1.Nf3 {lets get it on punk!!!}  d5 {not bones pal 
, chess!!, lets go!!!}  2.Nc3 {i know, my record 
is 2-0.}  Nf6 {Oh is that it?, well they should 
call you broken clock.}  3.d4 {isn't the correct 
term, "broken record"???}  g6 {no, broken clock 
because you dont know what time it is, bwaaa haa 
haaa!}  4.e3 e6 5.Bb5+ c6 6.Ba4 Ng4 7.g3 e5 {.}  
8.e4 Qa5 9.a3 exd4 10.Nxd4 b5 11.b4 Bxb4 12.axb4 
Qxb4 13.Qd2 a6 14.Ba3 Qa5 15.Bb3 b4 16.Bb2 Qb6 
17.Na4 Qc7 18.Qxb4 a5 19.Qc3 O-O 20.Nxc6 Nxc6 
21.Qg7+ {good morning, good afternoon, and 
goodnight, checkmate!!!}  1-0

[Event "ACL-A019"]
[Site "www.playchess.de"]
[Date "2001.02.24"]
[Round "2"]
[White "Bronislaw"]
[Black "maxcoco"]
[WhiteElo "1500"]
[BlackElo "1500"]
[PlyCount "33"]
[Result "1-0"]

1.e4 e5 2.Nf3 Nc6 3.Bc4 Nf6 4.Ng5 d5 5.exd5 Nxd5 
6.d4 Be7 7.dxe5 Bxg5 8.Bxd5 Bxc1 9.Bxc6+ bxc6 
10.Qxc1 Ba6 11.Qe3 O-O 12.Nc3 Re8 13.f4 Qe7 
14.O-O-O Reb8 15.Rd4 Rb6 16.Rhd1 Rab8 
17.R4d7 1-0

[Event "ACL-A019"]
[Site "www.playchess.de"]
[Date "2001.02.24"]
[Round "4"]
[White "maxcoco"]
[Black "trolo"]
[WhiteElo "1500"]
[BlackElo "1500"]
[PlyCount "33"]
[Result "1/2-1/2"]

1.e4 c5 2.Nf3 e6 3.d4 cxd4 4.Nxd4 Nc6 5.Nc3 Qc7 
6.g3 Bb4 7.Bg2 Bxc3+ 8.bxc3 Nxd4 9.cxd4 Qc3+ 
10.Bd2 Qxd4 11.O-O Ne7 12.Rb1 O-O 13.Bb4 Qxd1 
14.Rfxd1 Re8 15.e5 Nc6 16.Bd6 a6 
17.a4 1/2-1/2

[Event "ACL-A019"]
[Site "www.playchess.de"]
[Date "2001.02.24"]
[Round "5"]
[White "trolo"]
[Black "Eva"]
[WhiteElo "1500"]
[BlackElo "1500"]
[PlyCount "47"]
[Result "1-0"]

1.e4 e5 2.Nc3 Nf6 3.f4 exf4 4.Nf3 Bc5 5.d4 Bb4 
6.Qd3 Qe7 7.e5 Nd5 8.Be2 Nc6 9.O-O Bxc3 10.bxc3 d6 
11.Ba3 Ne3 12.Rf2 Bf5 13.Qb5 Rb8 14.exd6 cxd6 
15.Ne5 O-O 16.Rb1 Nxe5 17.dxe5 Qxe5 18.Qxe5 dxe5 
19.Bxf8 Kxf8 20.Bd3 Bg6 21.Rb4 b6 22.Bxg6 fxg6 
23.Re2 Kf7 24.g3 1-0

[Event "ACL-A019"]
[Site "www.playchess.de"]
[Date "2001.02.24"]
[Round "6"]
[White "Bronislaw"]
[Black "trolo"]
[WhiteElo "1500"]
[BlackElo "1500"]
[PlyCount "53"]
[Result "1-0"]

1.e4 c5 2.Nf3 e6 3.d4 cxd4 4.Nxd4 Nc6 5.c4 Nf6 
6.Nc3 d6 7.Be2 Be7 8.O-O O-O 9.Nc2 b6 10.b3 Bb7 
11.Ba3 Rc8 12.Qd2 Qd7 13.Rad1 Rfd8 14.Qe3 Qc7 
15.Rd2 Ne5 16.Rfd1 a6 17.Bb4 a5 18.Ba3 Ba6 19.Nd4 
Qb7 20.f4 Ng6 21.f5 Nf8 22.fxe6 Nxe6 23.Nxe6 fxe6 
24.Bxd6 Rxd6 25.R2xd6 Bxd6 26.Rxd6 Rc5 
27.Na4 1-0

[Event "ACL-A019"]
[Site "www.playchess.de"]
[Date "2001.02.24"]
[Round "7"]
[White "oliver"]
[Black "maxcoco"]
[WhiteElo "1500"]
[BlackElo "1500"]
[PlyCount "25"]
[Result "1-0"]

1.e4 e5 2.Nf3 Nc6 3.d4 exd4 4.Nxd4 Bc5 5.Nxc6 bxc6 
6.Bd3 Nf6 7.e5 Nd5 8.O-O O-O 9.Nd2 d6 10.Ne4 Bb6 
11.c4 Nb4 12.Bg5 Qe8 13.Nf6+ 1-0

[Event "ACL-A019"]
[Site "www.playchess.de"]
[Date "2001.02.24"]
[Round "8"]
[White "Eva"]
[Black "oliver"]
[WhiteElo "1500"]
[BlackElo "1500"]
[PlyCount "40"]
[Result "0-1"]

1.e4 e6 2.d4 d5 3.e5 c5 4.c3 Nc6 5.Nf3 Qb6 6.a3 
Nh6 7.b4 cxd4 8.Bxh6 gxh6 9.cxd4 Rg8 10.Nc3 Bd7 
11.Rc1 Rc8 12.Na4 Bxb4+ 13.axb4 Qxb4+ 14.Ke2 Rg4 
15.Nc5 Nxd4+ 16.Nxd4 Rxc5 17.Rxc5 Qxc5 18.Nb3 Qc3 
19.Qd3 Qxe5+ 20.Kd2 Rc4 0-1

[Event "ACL-A019"]
[Site "www.playchess.de"]
[Date "2001.02.24"]
[Round "9"]
[White "oliver"]
[Black "Bronislaw"]
[WhiteElo "1500"]
[BlackElo "1500"]
[PlyCount "87"]
[Result "1-0"]

1.e4 e5 2.Nf3 Nc6 3.d4 exd4 4.Nxd4 Nxd4 5.Qxd4 Ne7 
6.Bc4 Nc6 7.Qd5 Qf6 8.O-O Be7 9.Nc3 Ne5 10.Be2 c6 
11.Qd1 O-O 12.f4 Bc5+ 13.Kh1 Ng6 14.Na4 Bb4 15.a3 
Ba5 16.Bd2 Bxd2 17.Qxd2 d5 18.exd5 cxd5 19.Qxd5 
Nxf4 20.Qe4 g5 21.Nc3 Bd7 22.Bd3 Qh6 23.Nd5 Nxd5 
24.Qxd5 Bc6 25.Qc5 Qg7 26.b4 Rfd8 27.Rae1 Rd5 
28.Qe3 Rd6 29.b5 Bd5 30.c4 Be6 31.c5 Rd4 32.c6 
bxc6 33.bxc6 Rc8 34.Red1 Rh4 35.Ba6 Rf8 36.c7 Qh6 
37.Qe5 Rf4 38.Rxf4 gxf4 39.Rd8 f3 40.Qg3+ Qg7 
41.Rxf8+ Kxf8 42.Qxg7+ Kxg7 43.gxf3 Kf6 
44.c8Q 1-0

[Event "ACL-A019"]
[Site "www.playchess.de"]
[Date "2001.02.24"]
[Round "10"]
[White "trolo"]
[Black "oliver"]
[WhiteElo "1500"]
[BlackElo "1500"]
[PlyCount "96"]
[Result "0-1"]

1.e4 e6 2.d4 d5 3.e5 c5 4.c3 Nc6 5.Nf3 Bd7 6.Be2 
f6 7.exf6 Nxf6 8.O-O Bd6 9.Bg5 O-O 10.dxc5 Bxc5 
11.b4 Bd6 12.a4 Qc7 13.h3 Ne5 14.Be3 Ne4 15.Nxe5 
Bxe5 16.Bd4 Rf4 17.Bxe5 Qxe5 18.Qe1 Qg5 19.Bd3 
Raf8 20.Ra2 e5 21.Bxe4 Rxe4 22.Qd2 Qg6 23.Qd3 Bf5 
24.Nd2 Rxb4 25.Qxd5+ Be6 26.Qxe5 Rbf4 27.c4 Bxh3 
28.Qd5+ Kh8 29.g3 Bxf1 30.Nxf1 b6 31.Rd2 R4f6 
32.c5 R6f5 33.Qd7 Qf6 34.f4 Rxc5 35.Rd6 Qa1 
36.Qxa7 Rc1 37.Qa6 Re8 38.Qb5 Rce1 39.Qc4 Qa3 
40.Rd3 Qe7 41.Rb3 Rd1 42.Kg2 Qe1 43.Rb2 Rc1 44.Qd3 
Rd1 45.Qf3 Ra1 46.Rxb6 Rxa4 47.Kh3 Ra2 48.Qd3 
Rf2 0-1

[Event "ACL-A019"]
[Site "www.playchess.de"]
[Date "2001.02.24"]
[Round "13"]
[White "Bronislaw"]
[Black "Blah"]
[WhiteElo "1500"]
[BlackElo "1500"]
[PlyCount "21"]
[Result "1-0"]

1.e4 e5 2.Nf3 Nc6 3.Bb5 d6 4.O-O f5 5.exf5 Bxf5 
6.d4 exd4 7.Nxd4 Bd7 8.Bxc6 bxc6 9.Qh5+ g6 10.Re1+ 
Ne7 11.Qf3 1-0

[Event "ACL-A019"]
[Site "www.playchess.de"]
[Date "2001.02.24"]
[Round "14"]
[White "Blah"]
[Black "trolo"]
[WhiteElo "1500"]
[BlackElo "1500"]
[PlyCount "22"]
[Result "1/2-1/2"]

1.e4 c5 2.Nf3 e6 3.d4 cxd4 4.Nxd4 Nc6 5.Nc3 Qc7 
6.Bb5 a6 7.Be2 Bb4 8.O-O Bxc3 9.bxc3 Nf6 10.Bd3 
O-O 11.Bg5 Qe5 1/2-1/2

[Event "ACL-A019"]
[Site "www.playchess.de"]
[Date "2001.02.24"]
[Round "15"]
[White "oliver"]
[Black "Blah"]
[WhiteElo "1500"]
[BlackElo "1500"]
[PlyCount "29"]
[Result "1-0"]

1.e4 e5 2.Nf3 Nc6 3.d4 exd4 4.Nxd4 Qf6 5.Nb5 Kd8 
6.N1c3 Bc5 7.Qe2 a6 8.Nxc7 Qxf2+ 9.Qxf2 Bxf2+ 
10.Kxf2 Kxc7 11.Nd5+ Kd8 12.Nb6 Ra7 13.Be3 Nf6 
14.Kf3 Ne5+ 15.Kg3 1-0

[Event "ACL-A019"]
[Site "www.playchess.de"]
[Date "2001.02.24"]
[Round "16"]
[White "maze"]
[Black "maxcoco"]
[WhiteElo "1500"]
[BlackElo "1500"]
[PlyCount "27"]
[Result "1-0"]

1.e4 e5 2.Nf3 Nc6 3.d4 exd4 4.Nxd4 Bc5 5.Be3 Bxd4 
6.Bxd4 Nxd4 7.Qxd4 Qf6 8.e5 Qh6 9.Nc3 c6 10.Ne4 
Ne7 11.Nd6+ Kf8 12.Bc4 Nd5 13.Bxd5 cxd5 
14.Qc5 1-0

[Event "ACL-A019"]
[Site "www.playchess.de"]
[Date "2001.02.24"]
[Round "17"]
[White "Eva"]
[Black "maze"]
[WhiteElo "1500"]
[BlackElo "1500"]
[PlyCount "40"]
[Result "0-1"]

1.e4 c5 2.Nf3 d6 3.Bb5+ Bd7 4.Bxd7+ Nxd7 5.Nc3 
Ngf6 6.O-O e6 7.d4 cxd4 8.Qxd4 a6 9.Bg5 Be7 10.a4 
Rc8 11.a5 Qc7 12.Rfd1 O-O 13.Qe3 Ng4 14.Qf4 Bxg5 
15.Nxg5 Nge5 16.Ra2 Rfd8 17.Ra4 h6 18.Nh3 Nc4 
19.Ra2 Nxb2 20.Rxb2 Qxc3 0-1

[Event "ACL-A019"]
[Site "www.playchess.de"]
[Date "2001.02.24"]
[Round "19"]
[White "trolo"]
[Black "maze"]
[WhiteElo "1500"]
[BlackElo "1500"]
[PlyCount "84"]
[Result "0-1"]

1.e4 c5 2.Nf3 d6 3.d4 cxd4 4.Nxd4 Nf6 5.Nc3 a6 
6.Bd3 e6 7.O-O b5 8.a3 Bb7 9.Re1 Nbd7 10.b4 Ne5 
11.Bb2 Qb6 12.Rc1 Be7 13.Nf3 Neg4 14.Qd2 O-O 15.a4 
bxa4 16.Nxa4 Qc6 17.Nc3 Rfd8 18.h3 Ne5 19.Nxe5 
dxe5 20.Ba3 Qc8 21.f3 a5 22.Nd1 Nh5 23.Nf2 Nf4 
24.g3 Bg5 25.gxf4 Bxf4 26.Qe2 Qc3 27.bxa5 Qxa3 
28.Rca1 Qc5 29.a6 Bc6 30.Ra2 Rdb8 31.c4 Rb6 
32.Rea1 Be3 33.Kg2 Bd4 34.R2a5 Qe7 35.R1a2 Bc3 
36.Rb5 Bxb5 37.cxb5 Bd4 38.Kh2 Rd6 39.Nh1 Bb6 
40.Ng3 Rad8 41.Bc4 Qg5 42.Qg2 R6d2 0-1

[Event "ACL-A019"]
[Site "www.playchess.de"]
[Date "2001.02.24"]
[Round "20"]
[White "maze"]
[Black "oliver"]
[WhiteElo "1500"]
[BlackElo "1500"]
[PlyCount "54"]
[Result "0-1"]

1.e4 e6 2.d4 d5 3.c3 dxe4 4.Nd2 Nf6 5.g4 e3 6.fxe3 
Qd5 7.Ngf3 Nxg4 8.Qe2 Bd7 9.Rg1 Nf6 10.e4 Qa5 
11.Nc4 Qa6 12.Bg5 Bb5 13.Bxf6 gxf6 14.Nd6+ Bxd6 
15.Qxb5+ Qxb5 16.Bxb5+ c6 17.Bd3 Ke7 18.Ke2 Nd7 
19.Rg7 Rag8 20.Rag1 Rxg7 21.Rxg7 Bf4 22.Rg4 Bc1 
23.b3 Nf8 24.Rg1 Bh6 25.Bc2 Ng6 26.Rg4 Rc8 27.b4 
a5 0-1

[Event "HCL-B074"]
[Site "www.playchess.de"]
[Date "2001.02.24"]
[Round "2"]
[White "Knotamaster"]
[Black "paule"]
[WhiteElo "1614"]
[BlackElo "1762"]
[PlyCount "46"]
[Result "0-1"]

1.Nf3 Nf6 2.g3 g6 3.Bg2 Bg7 4.O-O O-O 5.d3 d5 6.e4 
dxe4 7.Ng5 exd3 8.cxd3 Na6 9.Qe2 Nb4 10.Nc3 Bg4 
11.f3 Bf5 12.Nge4 Qxd3 13.Nxf6+ Bxf6 14.Rd1 Qxe2 
15.Nxe2 Rfd8 16.Bf4 Bxb2 17.Rxd8+ Rxd8 18.Re1 Rd7 
19.g4 Be6 20.a3 Bxa3 21.Bh6 Nc2 22.Rb1 Ba2 23.Rxb7 
Bc5+ 0-1

[Event "HCL-B074"]
[Site "www.playchess.de"]
[Date "2001.02.24"]
[Round "7"]
[White "maska"]
[Black "paule"]
[WhiteElo "1200"]
[BlackElo "1762"]
[PlyCount "36"]
[Result "0-1"]

1.e4 e6 2.d4 d5 3.Bd3 Nf6 4.e5 Nfd7 5.Nf3 c5 6.Be3 
Qb6 7.b3 Nc6 8.c3 cxd4 9.Bxd4 Nxd4 10.cxd4 Bb4+ 
11.Ke2 f6 12.a3 fxe5 13.dxe5 Bc5 14.Rf1 Qc7 15.Bb5 
O-O 16.Bxd7 Bxd7 17.a4 Rxf3 18.gxf3 
Qxe5+ 0-1

[Event "HCL-B074"]
[Site "www.playchess.de"]
[Date "2001.02.24"]
[Round "10"]
[White "CHARON"]
[Black "maska"]
[WhiteElo "1436"]
[BlackElo "1200"]
[PlyCount "25"]
[Result "1-0"]

1.e4 e5 2.Nf3 Nc6 3.Bc4 Bc5 4.c3 Qf6 5.O-O h6 6.d4 
exd4 7.e5 Nxe5 8.Nxe5 dxc3 9.Nxc3 c6 10.Nxf7 Rh7 
11.Qh5 b6 12.Nd6+ Kf8 13.Qe8+ 1-0

[Event "HCL-B074"]
[Site "www.playchess.de"]
[Date "2001.02.24"]
[Round "11"]
[White "paule"]
[Black "boehnisch"]
[WhiteElo "1762"]
[BlackElo "1200"]
[PlyCount "35"]
[Result "1-0"]

1.e4 e5 2.Nf3 Nc6 3.Bb5 Bc5 4.c3 Qe7 5.d4 exd4 
6.O-O Nf6 7.cxd4 Nxd4 8.Nxd4 O-O 9.Nc3 Nxe4 10.Nf5 
Qe5 11.Qh5 d5 12.Nh6+ gxh6 13.Qxe5 Bd6 14.Qxd5 Nc5 
15.Bxh6 Ne6 16.Rfe1 c6 17.Qxd6 cxb5 
18.Qg3+ 1-0

[Event "HCL-A043"]
[Site "www.playchess.de"]
[Date "2001.02.25"]
[Round "7"]
[White "u2krazie"]
[Black "Chris"]
[WhiteElo "1297"]
[BlackElo "2044"]
[PlyCount "48"]
[Result "0-1"]

1.e4 e6 2.d4 d5 3.exd5 exd5 4.Bd3 Bd6 5.Nf3 Ne7 
6.O-O Bg4 7.Bg5 Nbc6 8.c3 Qd7 9.Re1 O-O-O 10.Bb5 
f6 11.Bh4 Ng6 12.Bg3 Bxg3 13.hxg3 Rhe8 14.Nbd2 a6 
15.Ba4 Rxe1+ 16.Qxe1 Re8 17.Qf1 Qd6 18.Re1 Rxe1 
19.Qxe1 Bd7 20.Bxc6 Bxc6 21.Nb3 Qe7 22.Qxe7 Nxe7 
23.Kf1 Bb5+ 24.Ke1 Kd7 0-1

[Event "HCL-A053"]
[Site "www.playchess.de"]
[Date "2001.02.25"]
[Round "12"]
[White "Lovec"]
[Black "sazex"]
[WhiteElo "1700"]
[BlackElo "1768"]
[PlyCount "58"]
[Result "0-1"]

1.e4 e5 2.Nf3 Nc6 3.Bb5 a6 4.Ba4 Nf6 5.O-O Be7 
6.Re1 b5 7.Bb3 O-O 8.c3 d6 9.d4 Bg4 10.d5 Na5 
11.Bc2 c5 12.h3 Bh5 13.Nbd2 Rc8 14.a4 b4 15.Qe2 
Ra8 16.g4 Bg6 17.Nh4 Nb7 18.cxb4 cxb4 19.Nxg6 fxg6 
20.Nc4 Nd7 21.Bd2 a5 22.Qe3 Rc8 23.b3 Nb6 24.Nxb6 
Rxc2 25.Nc4 Nc5 26.Rab1 Bh4 27.Ref1 h6 28.Qe2 Ra2 
29.f3 {Teda...ne ze by se mi ten tah libil.}  
Bg3 0-1

[Event "HCL-A054"]
[Site "www.playchess.de"]
[Date "2001.02.25"]
[Round "22"]
[White "klypp"]
[Black "Mathemagician"]
[WhiteElo "2144"]
[BlackElo "1586"]
[PlyCount "55"]
[Result "1-0"]

1.e4 c5 2.Nf3 d6 3.d4 cxd4 4.Nxd4 Nf6 5.Nc3 g6 
6.Be3 Bg7 7.f3 O-O 8.Qd2 Nc6 9.O-O-O Bd7 10.g4 
Nxd4 11.Bxd4 Qa5 12.h4 Rac8 13.h5 b6 14.hxg6 fxg6 
15.g5 Nh5 16.Bxg7 Kxg7 17.Qd4+ Kf7 18.f4 Nxf4 
19.Rxh7+ Ke8 20.Rxe7+ Kxe7 21.Qxd6+ Kf7 22.Qxd7+ 
Kg8 23.Bb5 Rxc3 24.bxc3 Qxa2 25.Ba4 Qa3+ 26.Kb1 
Qxc3 27.Bb3+ Kh8 28.Qd6 1-0

[Event "HCL-A064"]
[Site "www.playchess.de"]
[Date "2001.02.25"]
[Round "15"]
[White "Werner"]
[Black "Tassiac"]
[WhiteElo "1858"]
[BlackElo "1560"]
[PlyCount "51"]
[Result "1-0"]

1.e4 c6 2.d4 d5 3.exd5 cxd5 4.c4 Nf6 5.Nc3 Nc6 
6.Bg5 e6 7.Nf3 Be7 8.Rc1 O-O 9.c5 b6 10.Bb5 Bb7 
11.Ne5 Nxe5 12.dxe5 Ne8 13.Bxe7 Qxe7 14.c6 Bc8 
15.O-O Nc7 16.Bd3 Ba6 17.Bxa6 Nxa6 18.Nb5 Nc7 
19.Nxc7 Qxc7 20.Qd4 Rfc8 21.f4 Qe7 22.f5 exf5 
23.Qxd5 Rcd8 24.Qf3 Qxe5 25.c7 Rdc8 
26.Qxa8 1-0

[Event "HCL-B081"]
[Site "www.playchess.de"]
[Date "2001.02.25"]
[Round "13"]
[White "Antonio"]
[Black "Juice"]
[WhiteElo "1500"]
[BlackElo "1537"]
[PlyCount "52"]
[Result "0-1"]

1.e4 e6 2.d4 d5 3.exd5 exd5 4.Nf3 Nf6 5.Be2 Bd6 
6.Bg5 h6 7.Bh4 Bf5 8.O-O O-O 9.Nbd2 Nbd7 10.c4 c6 
11.cxd5 cxd5 12.Re1 Qb6 13.Qb3 Rac8 14.Qxb6 axb6 
15.Rec1 Rfe8 16.Bb5 Bf4 17.Bxf6 gxf6 18.Rc3 Nb8 
19.Bxe8 Rxe8 20.Kf1 Nc6 21.Nb3 h5 22.h4 Nb4 23.g3 
Bd6 24.Nbd2 Bd3+ 25.Kg2 Bb5 26.a3 
Na6 0-1

[Event "HCL-B117"]
[Site "www.playchess.de"]
[Date "2001.02.25"]
[Round "5"]
[White "dmitry"]
[Black "csadler"]
[WhiteElo "1373"]
[BlackElo "1125"]
[PlyCount "39"]
[Result "1-0"]

1.c4 Nf6 2.Nf3 e6 3.d4 c5 4.Bg5 h6 5.Bxf6 Qxf6 
6.e3 b6 7.Be2 Bb7 8.Nc3 Bd6 9.Qd2 O-O 10.O-O cxd4 
11.exd4 Re8 12.d5 Na6 13.Ne4 Qe7 14.Nxd6 Qxd6 
15.Rad1 exd5 16.cxd5 Qxd5 17.Qxd5 Bxd5 18.Bxa6 
Bxa2 19.Rxd7 Be6 20.Rd4 1-0

[Event "HCL-B117"]
[Site "www.playchess.de"]
[Date "2001.02.25"]
[Round "6"]
[White "lpratt71"]
[Black "dmitry"]
[WhiteElo "1078"]
[BlackElo "1373"]
[PlyCount "26"]
[Result "0-1"]

1.e4 c6 2.Nf3 d5 3.exd5 cxd5 4.d4 Nf6 5.Bb5+ Bd7 
6.Bd3 Nc6 7.O-O e6 8.Nc3 a6 9.Bf4 Nb4 10.Ne2 Nxd3 
11.Qxd3 Bb5 12.Qe3 Bd6 13.Bxd6 
Qxd6 0-1

[Event "HCL-B131"]
[Site "www.playchess.de"]
[Date "2001.02.25"]
[Round "12"]
[White "MP"]
[Black "Takavor"]
[WhiteElo "1500"]
[BlackElo "1500"]
[PlyCount "46"]
[Result "0-1"]

1.d4 Nf6 2.Nf3 d6 3.e3 g6 4.Be2 Bg7 5.Nbd2 O-O 
6.O-O Re8 7.Nb3 c6 8.c4 e5 9.dxe5 dxe5 10.Qxd8 
Rxd8 11.Bd2 e4 12.Nfd4 b6 13.Bc3 c5 14.Nc2 Nc6 
15.Rfd1 Bg4 16.Bxg4 Nxg4 17.Bxg7 Kxg7 18.h3 Nf6 
19.Kf1 Ne5 20.Nd2 Nd3 21.Rab1 Rd7 22.Ke2 Rad8 
23.Ne1 Nxf2 0-1

[Event "HCL-B135"]
[Site "www.playchess.de"]
[Date "2001.02.25"]
[Round "12"]
[White "BOB"]
[Black "jonte2"]
[WhiteElo "1652"]
[BlackElo "1581"]
[PlyCount "55"]
[Result "1-0"]

1.e4 c5 2.Nf3 d6 3.d4 cxd4 4.Nxd4 Nf6 5.Nc3 e5 
6.Ndb5 a6 7.Na3 Nc6 8.Bg5 Be7 9.Nc4 O-O 10.Bxf6 
gxf6 11.Nd5 Nd4 12.c3 Nb5 13.Ncb6 {this is lost 
for you}  Rb8 {your move :-)}  14.Nxc8 Rxc8 
15.Bxb5 axb5 16.O-O Re8 17.f4 Rc4 18.Qf3 Kf8 
19.fxe5 dxe5 20.Rae1 Bc5+ 21.Kh1 Be7 22.Qf5 Kg7 
23.Rf3 Ra4 24.Rg3+ Kh8 25.Rh3 {your move ;-)}  h6 
{go head BOB make your DAY!!!  :-(((}  26.Rxh6+ 
{play quick please}  Kg7 {Good Game :-)}  27.Qh7+ 
{yes thanks}  Kf8 28.Qh8+ 1-0

[Event "HCL-B146"]
[Site "www.playchess.de"]
[Date "2001.02.25"]
[Round "1"]
[White "abed"]
[Black "Klasseman"]
[WhiteElo "1805"]
[BlackElo "1500"]
[PlyCount "96"]
[Result "0-1"]

1.e4 c6 2.Nf3 d5 3.exd5 cxd5 4.c3 Nc6 5.Bb5 Bf5 
6.O-O a6 7.Nd4 axb5 8.Nxf5 e6 9.Qe2 Qb6 10.d4 g6 
11.Ng3 Bg7 12.Be3 Nge7 13.Qd2 O-O 14.h4 b4 15.h5 
bxc3 16.bxc3 Na5 17.Qd1 Nf5 18.hxg6 fxg6 19.Nxf5 
{dear friend i,ll be out of yown for 2 days}  Rxf5 
20.Nd2 Qc7 21.Qa4 Ra6 22.Rab1 Nc4 23.Qc2 Na3 
24.Qb3 Nxb1 25.Rxb1 Rc6 26.Rc1 Rb6 27.Qc2 Rc6 
28.Nf3 Rf8 29.Qd2 Rc8 30.Bf4 Qf7 31.Be5 Qf8 {Who 
is your favorite chessplayer ever?}  32.Bf4 {i 
like kasparov come to gamecolony to play online}  
Qa3 {My hero is Capablanca. He's moves are so 
logical and clear, and still difficult to spot.}  
33.Qe3 {i agree with u capa is a great master}  
Qf8 34.Ng5 Qf5 35.Qf3 h6 36.g4 Qf8 37.Nxe6 Rxe6 
38.Qxd5 Qf7 39.Be3 Rec6 40.Qa5 Qf3 41.g5 Qg4+ 
42.Kh2 hxg5 43.Qd5+ Qe6 44.Qxg5 Qf5 45.Qg1 Qh5+ 
46.Kg3 Rf6 47.f4 g5 48.fxg5 Rf3+ {Now it's mate in 
two. I thank you for an interesting game, and hope 
to play you again soon.}  0-1

[Event "HCL-C077"]
[Site "www.playchess.de"]
[Date "2001.02.25"]
[Round "35"]
[White "Diable"]
[Black "pablo"]
[WhiteElo "1000"]
[BlackElo "1104"]
[PlyCount "41"]
[Result "1-0"]

1.d4 Nf6 2.Nc3 g6 3.e4 d6 4.d5 Bg7 5.Bd3 O-O 6.h3 
c6 7.dxc6 Nxc6 8.Nf3 a6 9.O-O b5 10.Ng5 Bb7 11.Nd5 
Rc8 12.Nxf6+ Bxf6 13.Nf3 Qb6 14.Be3 Bd4 15.Nxd4 
Nxd4 16.c3 e5 17.cxd4 exd4 18.Bg5 Rfe8 19.Re1 Qc5 
20.Bf6 h5 21.Qd2 1-0

[Event "HCL-C101"]
[Site "www.playchess.de"]
[Date "2001.02.25"]
[Round "10"]
[White "Christopher"]
[Black "Petra"]
[WhiteElo "1131"]
[BlackElo "1265"]
[PlyCount "95"]
[Result "1-0"]

1.e4 c6 2.Nf3 d5 3.e5 Bf5 4.Bd3 e6 5.Bxf5 exf5 
6.d4 Nd7 7.Bf4 Qb6 8.b3 Bb4+ 9.c3 Be7 10.O-O O-O-O 
11.Nbd2 h6 12.c4 f6 13.e6 Nf8 14.Qc2 g6 15.c5 Qa6 
16.Rfe1 g5 17.Bd6 Re8 18.Qxf5 b6 19.Bxe7 Nxe7 
20.Qxf6 Qd3 21.Qxh8 Kd8 22.Qxh6 Qg6 23.Qxg5 Qxg5 
24.Nxg5 Nf5 25.Nf7+ Kc7 26.cxb6+ axb6 27.Ng5 b5 
28.a4 Nxd4 29.e7 Nc2 30.a5 Nxa1 31.exf8Q {%}  
Rxe1+ 32.Nf1 Nxb3 33.a6 Nd2 34.Qf4+ Kb6 35.Qxd2 
Ra1 36.Qd4+ Kxa6 37.Qxa1+ Kb6 38.h4 b4 39.h5 Kb5 
40.h6 b3 41.h7 c5 42.h8Q {%}  c4 43.Qe8+ Kb4 
44.Qaa4+ Kc3 45.Qe3+ Kb2 46.Qd2+ Kb1 47.Qa3 d4 
48.Qdc1+ 1-0

[Event "HCL-C139"]
[Site "www.playchess.de"]
[Date "2001.02.25"]
[Round "3"]
[White "Theos666"]
[Black "asb"]
[WhiteElo "1103"]
[BlackElo "1000"]
[PlyCount "44"]
[Result "0-1"]

1.Nf3 d5 2.g3 h6 3.Bg2 Nf6 4.O-O g5 5.d3 Nc6 6.Nc3 
Bf5 7.e3 e5 8.Re1 Qe7 9.a3 O-O-O 10.e4 dxe4 11.Nd2 
exd3 12.cxd3 Rxd3 13.Qc2 Qe6 14.g4 Nd4 15.Qa4 Bxg4 
16.Qa5 Bh3 17.Bxh3 Qxh3 18.Nd5 Nxd5 19.Qxd5 Bd6 
20.Qc4 e4 21.Nxe4 Qxh2+ 22.Kf1 
Qh1+ 0-1

[Event "HCL-C140"]
[Site "www.playchess.de"]
[Date "2001.02.25"]
[Round "18"]
[White "hun"]
[Black "Ivan"]
[WhiteElo "1804"]
[BlackElo "1000"]
[PlyCount "43"]
[Result "1-0"]

1.e4 e6 2.d4 d5 3.Nd2 Nc6 4.exd5 exd5 5.Ngf3 Bg4 
6.h3 Bxf3 7.Nxf3 Qe7+ 8.Be2 O-O-O 9.O-O Nf6 10.Bd3 
g6 11.Re1 Qd6 12.Ne5 Re8 13.Nxf7 Rxe1+ 14.Qxe1 Qe7 
15.Qxe7 Bxe7 16.Nxh8 Nxd4 17.Bg5 Ng8 18.Bxe7 Nxe7 
19.Nf7 c5 20.Rd1 c4 21.Bxc4 dxc4 
22.Rxd4 1-0